Allah loves equality : si può essere gay e musulmani? /

Il coraggio di un ragazzo che ha sfidato i pregiudizi diventando un caso internazionale.

Đã lưu trong:
Chi tiết về thư mục
Những tác giả chính: Benini, Michele, (1967- ) (Tác giả), De Piccoli, Elena (Tác giả), Kazmi, Wajahat Abbas (Tác giả)
Định dạng: Sách
Ngôn ngữ:Tiếng Italy
Được phát hành: Milano : Tam, 2018
Loạt:Piccoli libri eccellenti
Những chủ đề:
Các nhãn: Thêm thẻ
Không có thẻ, Là người đầu tiên thẻ bản ghi này!

MARC

LEADER 00000nam a22000007i 4500
001 IT\ICCU\UBO\4388516
003 ItRI
005 20260115232148.0
008 190614s2018 it |||||| ||||| |||||c
020 |a 9788885532014 
040 |b ita  |c importazione bologna sebina 
041 7 |a ita  |2 ISO-639-2 
082 |a 306.7660917671  |9 Istituzioni attinenti alle relazioni tra i sessi. Omosessualità. Regioni dove predomina l'Islamismo.  |2 20 
100 1 |a Benini, Michele,  |d  (1967- )  |0 IT\ICCU\UBOV\470265  |4 aut 
240 1 0 |a Allah loves equality  |3 IT\ICCU\UBO\4388529 
245 1 0 |a Allah loves equality :  |b si può essere gay e musulmani? /  |c Michele Benini, Elena De Piccoli, Wajahat Abbas Kazmi. 
260 |a Milano :  |b Tam,  |c 2018 
300 |a 167 p. ;  |c 17 cm 
520 |a Il coraggio di un ragazzo che ha sfidato i pregiudizi diventando un caso internazionale. 
650 7 |a Islamismo e omosessualita  |2 scbi 
700 1 |a De Piccoli, Elena  |0 IT\ICCU\CFIV\343831  |4 aut 
700 1 |a Kazmi, Wajahat Abbas  |0 IT\ICCU\UBOV\470266  |4 aut 
830 0 |a Piccoli libri eccellenti  |0 IT\ICCU\LO1\1661797 
942 |2 ddc  |c BK  |n 0 
952 |0 0  |1 0  |4 0  |6 DOC_297_566000000000000_BEN  |7 0  |9 21197  |a BO  |b BO  |d 2026-01-15  |i 18930  |l 0  |o DOC 297.566 BEN  |p BO18930  |r 2026-01-15 23:21:48  |w 2026-01-15  |x [Sebina 5] [1 v.]  |y BK  |z 1 v. 
999 |c 18113  |d 18113